|
|
|
|
| LEADER |
00000nam0a2200000 4500 |
| 001 |
331861 |
| 005 |
20231102004410.0 |
| 035 |
|
|
|a (RuTPU)RU\TPU\book\357721
|
| 090 |
|
|
|a 331861
|
| 100 |
|
|
|a 20170505d1976 km y0rusy50 ca
|
| 101 |
0 |
|
|a rus
|
| 102 |
|
|
|a RU
|
| 105 |
|
|
|a a z 001zb
|
| 200 |
1 |
|
|a Цветная металлургия : Научные поиски, перспективы
|e [сборник статей]
|f Академия наук СССР (АН СССР), Институт металлургии им. А. А. Байкова (ИМЕТ) ; отв. ред. Н. В. Агеев
|
| 210 |
|
|
|a Москва
|c Наука
|d 1976
|
| 215 |
|
|
|a 312 с.
|c ил.
|
| 300 |
|
|
|a Памяти члена-корреспондента АН СССР Д. М. Чижикова
|
| 320 |
|
|
|a Библиография в конце статей
|
| 600 |
|
1 |
|a Чижиков
|b Д. М.
|f 1895-1974
|g Давид Михайлович
|c специалист в области металлургии
|c член-корреспондент АН СССР
|2 stltpush
|3 (RuTPU)RU\TPU\pers\38498
|
| 606 |
1 |
|
|a Цветная металлургическая промышленность
|2 stltpush
|3 (RuTPU)RU\TPU\subj\17707
|9 43279
|
| 610 |
1 |
|
|a цветная металлургия
|
| 610 |
1 |
|
|a ученые
|
| 610 |
1 |
|
|a металлурги
|
| 610 |
1 |
|
|a сульфидное сырье
|
| 610 |
1 |
|
|a электротермические процессы
|
| 610 |
1 |
|
|a плазменные процессы
|
| 610 |
1 |
|
|a вакуумные процессы
|
| 610 |
1 |
|
|a конвертирование
|
| 610 |
1 |
|
|a штейны
|
| 610 |
1 |
|
|a физическая химия
|
| 610 |
1 |
|
|a хлорирование
|
| 610 |
1 |
|
|a окисление
|
| 610 |
1 |
|
|a восстановление
|
| 610 |
1 |
|
|a цветные металлы
|
| 610 |
1 |
|
|a редкие металлы
|
| 610 |
1 |
|
|a статьи
|
| 610 |
1 |
|
|a сборники
|
| 675 |
|
|
|a 669.2
|v 4
|
| 702 |
|
1 |
|a Агеев
|b Н. В.
|4 340
|
| 712 |
0 |
2 |
|a Академия наук СССР (АН СССР)
|b Институт металлургии им. А. А. Байкова (ИМЕТ)
|c (Москва)
|2 stltpush
|3 (RuTPU)RU\TPU\col\312
|
| 801 |
|
1 |
|a RU
|b 63413507
|c 20170505
|
| 801 |
|
2 |
|a RU
|b 63413507
|c 20170523
|g RCR
|
| 942 |
|
|
|c BK
|